U.S. States by 2-Letter Postal Code - A Click Quiz - Statistics

General Stats
  • This quiz has been taken 233 times
  • The average score is 50 of 56
Answer Stats
Hint Answer % Correct
FL Florida
95%
GU Guam
95%
NJ New Jersey
95%
UT Utah
95%
AZ Arizona
93%
CO Colorado
93%
ID Idaho
93%
KS Kansas
93%
NV Nevada
93%
NY New York
93%
NC North Carolina
93%
OH Ohio
93%
OR Oregon
93%
SD South Dakota
93%
VT Vermont
93%
VA Virginia
93%
WV West Virginia
93%
WI Wisconsin
93%
CA California
92%
CT Connecticut
92%
DE Delaware
92%
HI Hawaii
92%
IL Illinois
92%
IN Indiana
92%
KY Kentucky
92%
NH New Hampshire
92%
PA Pennsylvania
92%
PR Puerto Rico
92%
RI Rhode Island
92%
SC South Carolina
92%
TN Tennessee
92%
TX Texas
92%
WA Washington
92%
LA Louisiana
91%
ND North Dakota
91%
OK Oklahoma
91%
WY Wyoming
91%
AL Alabama
90%
GA Georgia
90%
IA Iowa
90%
MD Maryland
90%
NM New Mexico
90%
DC District of Columbia
89%
ME Maine
86%
NE Nebraska
85%
MN Minnesota
82%
MT Montana
82%
AR Arkansas
81%
AS American Samoa
79%
MA Massachusetts
79%
MI Michigan
79%
MS Mississippi
76%
AK Alaska
74%
MO Missouri
70%
VI U.S. Virgin Islands
67%
MP Northern Mariana Islands
58%
No matching quizzes found
Score Distribution
Percent of People with Each Score
Percentile by Number Answered
Your Score History
You have not taken this quiz